Tile Select - Country Clues #6 - Statistics

General Stats
  • This quiz has been taken 14 times
    7 since last reset
  • The average score is 56 of 80
Answer Stats
Question Tile Select % Correct
Speaks a Romance Language(s) Australia No
100%
Speaks a Romance Language(s) China No
100%
Speaks a Romance Language(s) France Yes
100%
Speaks a Romance Language(s) Germany No
100%
Speaks a Romance Language(s) Greece No
100%
Speaks a Romance Language(s) Libya No
100%
Speaks a Romance Language(s) Serbia No
100%
Speaks a Romance Language(s) Spain Yes
100%
Speaks a Romance Language(s) UK No
100%
Speaks a Romance Language(s) USA No
100%
Has a Monarch Algeria No
86%
Speaks a Romance Language(s) Andorra Yes
86%
Smaller Than Albania Bulgaria No
86%
Less than 0.700 HDI France No
86%
Has a Monarch India No
86%
Less than 0.700 HDI Isreal No
86%
Has a Monarch Jordan Yes
86%
Smaller Than Albania Kosovo Yes
86%
Less than 0.700 HDI Mexico No
86%
Has a Monarch Russia No
86%
Has a Monarch Saudi Arabia Yes
86%
Less than 0.700 HDI South Africa No
86%
Smaller Than Albania Suriname No
86%
Has a Monarch Switzerland No
86%
Has a Monarch Syria No
86%
Speaks a Romance Language(s) Turkey No
86%
Smaller Than Albania Turkey No
86%
Speaks a Romance Language(s) Vatican Yes
86%
Smaller Than Albania Yemen No
86%
Less than 0.700 HDI Algeria No
71%
Smaller Than Albania Belgium No
71%
Smaller Than Albania Belize Yes
71%
Smaller Than Albania Burundi Yes
71%
Greater than 65 on the Democracy Scale China No
71%
Greater than 65 on the Democracy Scale Comoros No
71%
Smaller Than Albania Croatia No
71%
Has a Monarch Denmark Yes
71%
Greater than 65 on the Democracy Scale France Yes
71%
Greater than 65 on the Democracy Scale Germany Yes
71%
Has a Monarch Greece No
71%
Greater than 65 on the Democracy Scale Guyana No
71%
Less than 0.700 HDI Haiti Yes
71%
Has a Monarch Ireland No
71%
Greater than 65 on the Democracy Scale Japan Yes
71%
Smaller Than Albania Luxembourg Yes
71%
Less than 0.700 HDI Myanmar Yes
71%
Greater than 65 on the Democracy Scale Nigeria No
71%
Greater than 65 on the Democracy Scale Pakistan No
71%
Speaks a Romance Language(s) Romania Yes
71%
Less than 0.700 HDI Saudi Arabia No
71%
Smaller Than Albania Singapore Yes
71%
Has a Monarch Sweden Yes
71%
Less than 0.700 HDI Ukraine No
71%
Greater than 65 on the Democracy Scale Argentina No
57%
Greater than 65 on the Democracy Scale Australia Yes
57%
Greater than 65 on the Democracy Scale Brazil No
57%
Less than 0.700 HDI Cuba No
57%
Has a Monarch Egypt No
57%
Less than 0.700 HDI Ethiopia Yes
57%
Greater than 65 on the Democracy Scale Greece Yes
57%
Greater than 65 on the Democracy Scale India No
57%
Less than 0.700 HDI Indonesia No
57%
Smaller Than Albania Isreal Yes
57%
Less than 0.700 HDI Ivory Coast Yes
57%
Has a Monarch Japan Yes
57%
Has a Monarch Oman Yes
57%
Speaks a Romance Language(s) Switzerland Yes
57%
Greater than 65 on the Democracy Scale Thailand No
57%
Less than 0.700 HDI Togo Yes
57%
Speaks a Romance Language(s) Canada Yes
43%
Smaller Than Albania Costa Rica No
43%
Smaller Than Albania Dominica Yes
43%
Has a Monarch Morocco Yes
43%
Smaller Than Albania Solomon Islands No
43%
Greater than 65 on the Democracy Scale Uruguay Yes
43%
Has a Monarch Australia Yes
29%
Smaller Than Albania El Salvador Yes
29%
Less than 0.700 HDI India Yes
29%
Less than 0.700 HDI Bolivia Yes
14%
Greater than 65 on the Democracy Scale Panama Yes
14%
No matching quizzes found
Score Distribution
Percent of People with Each Score
Percentile by Number Answered
Your Score History
You have not taken this quiz since the last reset